=LDR 00000nam 2200000 4500 =001 INLIS000000000026187 =005 20130612124638 =008 ***********************************Ind** =035 ##$$0010-061300000026187 =041 ##$$a Ind =082 ##$$a 959.802 207 2 =090 ##$$a 959.802 207 2, Ong r =100 ##$$a Onghokham =245 ##$$a Runtuhnya Hindia Belanda, Onghokham =260 ##$$a 1989 $b Jakarta =300 ##$$a 287 hlm, 21 cm =650 ##$$a Sejarah Indonesia-Zaman Kolonial =850 ##$$a NBPNMAT